political regularities modern bureaucracy: The home civil service (Record no. 516157)

000 -LEADER
fixed length control field 00353nam a2200121 4500
082 ## - DEWEY DECIMAL CLASSIFICATION NUMBER
Classification number TNC K12x42 R917
100 ## - MAIN ENTRY--PERSONAL NAME
Personal name Smith, Enid Russell.
9 (RLIN) 22565
245 ## - TITLE STATEMENT
Title political regularities modern bureaucracy: The home civil service
260 ## - PUBLICATION, DISTRIBUTION, ETC. (IMPRINT)
Place of publication, distribution, etc London
Name of publisher, distributor, etc Longman
Date of publication, distribution, etc 1974
300 ## - PHYSICAL DESCRIPTION
Extent 112p.
650 ## - SUBJECT ADDED ENTRY--TOPICAL TERM
Topical term or geographic name as entry element Bureaucracy
9 (RLIN) 22566
650 ## - SUBJECT ADDED ENTRY--TOPICAL TERM
Topical term or geographic name as entry element Civil service
9 (RLIN) 22567
Holdings
Withdrawn status Lost status Source of classification or shelving scheme Damaged status Koha normalized classification for sorting Not for loan Permanent location Current location Date acquired Full call number Barcode Date last seen Price effective from Koha item type
        TNC_K12X42_R917   Indian Institute of Public Administration Indian Institute of Public Administration 2021-02-18 TNC K12x42 R917 GR22870 2021-02-18 2021-02-18 GR

Powered by Koha